Plus gros producteurs de tomate au monde - Statistiques

Statistiques générales
  • Ce quiz a été pris 88 fois
  • Le résultat moyen est 4 sur 6
Statistiques - réponses
Hint Réponse % Correct
10 475 tonnes États-Unis
91%
67 538 tonnes Chine
89%
4 754 tonnes Espagne
86%
21 181 tonnes Inde
71%
13 095 tonnes Turquie
50%
6 245 tonnes Égypte
46%
Aucun quiz correspondant
Distribution des résultats
% des personnes avec chaque résultat
Percentile par nombre de réponses
Votre historique - résultats
Vous n’avez pas pris ce quiz